Saint-Etienne Biggest Transfers - Statistics

General Stats
  • This quiz has been taken 41 times
  • The average score is 43 of 125
Answer Stats
% Correct
Incomings Gabon ST Pierre-Emerick Aubameyang 11/12 Milan
89%
Outgoings Gabon ST Pierre-Emerick Aubameyang 13/14 Borussia Dortmund
89%
Outgoings France CB Wesley Fofana 20/21 Leicester City
81%
Outgoings France CB William Saliba 19/20 Arsenal
81%
Incomings Tunisia LW Wahbi Khazri 18/19 Sunderland
78%
Incomings France ST Lois Diony 17/18 Dijon
76%
Incomings Slovenia ST Robert Beric 15/16 Rapid Vienna
76%
Outgoings Slovenia ST Robert Beric 19/20 Chicago Fire
76%
Incomings France AM Remy Cabella 18/19 Marseille
70%
Outgoings France AM Remy Cabella 19/20 Krasnodar
70%
Outgoings France CB Kurt Zouma 13/14 Chelsea
68%
Incomings Gabon LW Denis Bouanga 19/20 Nimes
65%
Outgoings Gabon LW Denis Bouanga 22/23 Los Angeles
65%
Outgoings France ST Bafetimbi Gomis 09/10 Lyon
62%
Incomings France LB Niels Nkounkou 23/24 Everton
62%
Outgoings France LB Niels Nkounkou 23/24 Eintracht Frankfurt
62%
Outgoings France DM Lucas Gourna-Douath 22/23 RB Salzburg
59%
Incomings Ivory Coast LW Max Gradel 11/12 Leeds United
59%
Outgoings Ivory Coast LW Max Gradel 15/16 Bournemouth
59%
Outgoings France CM Mahdi Camara 23/24 Brest
57%
Incomings France ST Romain Hamouma 12/13 Caen
57%
Outgoings France CB Zoumana Camara 07/08 Paris Saint-Germain
57%
Outgoings France CB Zoumana Camara 98/99 Inter Milan
57%
Incomings France AM Dimitri Payet 07/08 Nantes
51%
Outgoings France AM Dimitri Payet 11/12 Lille
51%
Outgoings Algeria LB Faouzi Ghoulam 13/14 Napoli
51%
Incomings Norway DM Ole Selnaes 15/16 Rosenborg
51%
Outgoings Norway DM Ole Selnaes 18/19 Shenzhen
51%
Incomings France GK Stephane Ruffier 11/12 Monaco
51%
Incomings France LB Franck Tabanou 13/14 Toulouse
49%
Outgoings France LB Franck Tabanou 15/16 Swansea City
49%
Incomings France GK Gautier Larsonneur 22/23 Brest
49%
Incomings France CM Blaise Matuidi 07/08 Troyes
46%
Outgoings France CM Blaise Matuidi 11/12 Paris Saint-Germain
46%
Incomings France DM Fabien Lemoine 11/12 Rennes
46%
Outgoings France DM Fabien Lemoine 17/18 Lorient
46%
Incomings Argentina ST Gonzalo Bergessio 09/10 San Lorenzo
46%
Outgoings Argentina ST Gonzalo Bergessio 11/12 Catania
46%
Incomings Senegal DM Assane Diousse 17/18 Empoli
43%
Outgoings France RB Kevin Malcuit 17/18 Lille
43%
Outgoings France ST Neal Maupay 17/18 Brentford
43%
Incomings Algeria AM Ryad Boudebouz 19/20 Real Betis
43%
Incomings France RW Franck Honorat 18/19 Clermont Foot
41%
Outgoings France RW Franck Honorat 20/21 Brest
41%
Outgoings France DM Josuha Guilavogui 13/14 Atletico Madrid
41%
Incomings Norway ST Alexander Soderlund 15/16 Rosenborg
38%
Incomings Senegal ST Ibrahima Wadji 22/23 Qarabag
38%
Incomings Brazil ST Ilan 06/07 Sochaux
38%
Incomings France DM Jeremy Clement 11/12 Paris Saint-Germain
38%
Incomings France ST Nolan Roux 15/16 Lille
38%
Outgoings Guinea CB Saidou Sow 23/24 Strasbourg
38%
Incomings France CB Timothee Kolodziejczak 20/21 Tigres UANL
38%
Incomings Morocco CM Benjamin Bouchouari 22/23 Roda
35%
Incomings Belgium RW Kevin Mirallas 08/09 Lille
35%
Outgoings Belgium RW Kevin Mirallas 11/12 Olympiacos
35%
Outgoings France RB Ronael Pierre-Gabriel 18/19 Monaco
35%
Incomings Spain RB Sergi Palencia 19/20 Barcelona
32%
Outgoings France LW Allan Saint-Maximin 15/16 Monaco
30%
Incomings Brazil LB Gabriel Silva 17/18 Udinese
30%
Incomings Switzerland DM Gelson Fernandes 09/10 Manchester City
30%
Incomings Switzerland CB Leo Lacroix 16/17 Sion
30%
Incomings Turkey ST Mevlut Erdinc 13/14 Rennes
30%
Outgoings Turkey ST Mevlut Erdinc 15/16 Hannover
30%
Outgoings Senegal CB Moustapha Sall 16/17 Al-Arabi
30%
Incomings France RW Yohan Mollo 14/15 Nancy
30%
Incomings France CM Zaydou Youssouf 19/20 Bordeaux
30%
Outgoings France CM Zaydou Youssouf 22/23 Famalicao
30%
Incomings Mali LW Bakary Sako 09/10 Chateauroux
27%
Outgoings Mali LW Bakary Sako 12/13 Wolverhampton Wanderers
27%
Incomings France LB Benoit Tremoulinas 13/14 Dynamo Kyiv
27%
Incomings Burkina Faso CM Bryan Dabo 16/17 Montpellier
27%
Outgoings Burkina Faso CM Bryan Dabo 17/18 Fiorentina
27%
Outgoings France GK Gregory Coupet 96/97 Lyon
27%
Incomings Peru LB Miguel Trauco 19/20 Flamengo
27%
Incomings Cameroon DM Yvan Neyou 20/21 Braga
27%
Outgoings Colombia CM Fredy Guarin 08/09 Porto
24%
Outgoings France DM Vincent Pajot 18/19 Angers
24%
Outgoings Brazil ST Aloisio Chulapa 01/02 Paris Saint-Germain
22%
Outgoings Senegal LB Cheikh M'Bengue 18/19 Shenzhen
22%
Incomings France ST Frederic Piquionne 05/06 Rennes
22%
Outgoings France ST Frederic Piquionne 07/08 Monaco
22%
Outgoings France ST Frederic Piquionne 06/07 Monaco
22%
Incomings Morocco AM Oussama Tannane 15/16 Heracles Almelo
22%
Outgoings Cape Verde RW Vagner 20/21 Metz
22%
Incomings France AM Benjamin Corgnet 13/14 Lorient
19%
Incomings Ivory Coast ST Boubacar Sanogo 09/10 Werder Bremen
19%
Incomings Ivory Coast DM Didier Zokora 04/05 Genk
19%
Outgoings Ivory Coast DM Didier Zokora 06/07 Tottenham Hotspur
19%
Incomings Guinea-Bissau LW Jorginho 17/18 Arouca
19%
Incomings Guinea RW Pascal Feindouno 05/06 Bordeaux
19%
Outgoings Guinea RW Pascal Feindouno 08/09 Al-Sadd
19%
Outgoings Gambia RB Saidy Janko 18/19 Porto
19%
Incomings Norway CB Bjorn Tore Kvarme 99/00 Liverpool
16%
Outgoings France ST Emmanuel Riviere 11/12 Toulouse
16%
Incomings Senegal DM Guirane N'Daw 10/11 Nantes
16%
Incomings Senegal DM Guirane N'Daw 09/10 Nantes
16%
Outgoings Ivory Coast DM Habib Maiga 19/20 Metz
16%
Outgoings France DM Julien Sable 07/08 Lens
16%
Incomings France CB Kevin Theophile-Catherine 15/16 Cardiff City
16%
Outgoings Tunisia CB Yohan Benalouane 10/11 Cesena
16%
Outgoings Japan LM Daisuke Matsui 09/10 Grenoble
14%
Incomings France CB Jean-Pascal Mignot 11/12 Auxerre
14%
Outgoings Cameroon CB Lucien Mettomo 01/02 Manchester City
14%
Outgoings Senegal ST Makhtar Gueye 20/21 Oostende
14%
Incomings France ST Sebastien Mazure 05/06 Caen
14%
Outgoings Ivory Coast LB Siaka Tiene 08/09 Valenciennes
14%
Incomings Greece CB Stathis Tavlaridis 07/08 Lille
14%
Outgoings Poland CB Damien Perquis 08/09 Sochaux
11%
Incomings Argentina LM Daniel Bilos 06/07 Boca Juniors
11%
Incomings France ST David Gigliotti 07/08 Monaco
11%
Outgoings DR Congo LB Herita Ilunga 07/08 Toulouse
11%
Outgoings Czech Republic ST Marek Heinz 07/08 Nantes
11%
Incomings Brazil CB Nivaldo 07/08 Belenenses
11%
Outgoings Brazil CB Nivaldo 08/09 Al-Sadd
11%
Incomings France ST Sebastien Grax 08/09 Sochaux
11%
Incomings France CB Sylvain Monsoreau 08/09 Monaco
11%
Incomings Russia ST Aleksandr Panov 00/01 Zenit
8%
Outgoings Argentina CM Augusto Fernandez 10/11 Velez Sarsfield
8%
Incomings France CB Paul Baysse 13/14 Brest
8%
Incomings Germany ST Roland Wohlfarth 93/94 Bayern Munich
8%
Incomings France CM Yohan Hautcoeur 06/07 Le Mans
8%
Incomings Brazil ST Alex Dias 98/99 Goias
5%
Incomings Sweden ST Lasse Nilsson 07/08 Heerenveen
5%
Incomings France ST Lynel Kitambala 11/12 Lorient
5%
Incomings Netherlands LM Rob Witschge 89/90 Ajax
3%
No matching quizzes found
Score Distribution
Percent of People with Each Score
Percentile by Number Answered
Your Score History
You have not taken this quiz